00364 2200157 4500001002100000005001500021008004100036020001800077035001900095041000700114082000800121090001400129245002200143260003000165650001100195INLIS00000000002623120241224132114241224||||||||| | ||| |||| || |  a979-794-436-0 0010-1224026231 aid0 a005 a005 CHR i00aIpad untuk pemula aJakartabMEDIA KITAc2013 0agadget